00789nam a22002297a 4500999001700000003000900017008004100026040007100067082002000138100002200158245003100180260003300211300004200244440005300286505002400339650001800363650002100381700003500402942001600437945000800453952009800461 c10512d10512AR-CdUCM190401b ||||| |||| 00| 0 spa d aMUNICIPALIDAD PROVINCIAL DEL CUSCOcBIBLIOTECA MUNICIPAL DEL CUSCO aES / 800 /bL37 aLee, Lawrence R.  aLa Canción de la Honda / aBarcelona :bMolino ;c1957. a158 páginas ;bIlustraciones c19cm aColección Nuevos Cuentos nAventurero 927419 aContenido: Cuentos  aCuentos 9312 aLiteratura 9416 aRaich, María Dolores 927420 2ddccLIBROS anom 002ddc4070aSIbSIcCARTd2019-04-01g40.00oES / 800 / L37pSI00000696r2019-04-01yLIBROS